| Tag |
First Indicator |
Second Indicator |
Subfields |
| LEADER |
00000cam a2200000 i 4500 |
| 001 |
in00000619087 |
| 005 |
20151015051556.0 |
| 008 |
781108s1976 nju 00010 eng d |
| 035 |
|
|
|a (OCoLC)04357728
|
| 035 |
|
|
|9 ACT7396AM
|
| 040 |
|
|
|a TXA
|c TXA
|d UtOrBLW
|
| 049 |
|
|
|a TXAM
|c [1401333]
|
| 090 |
|
|
|a KF6482
|b .B5 1976 Suppl.
|
| 100 |
1 |
|
|a Breeding, Clark W.
|
| 245 |
1 |
0 |
|a Supplement to income taxation of natural resources :
|b proposed regulations under section 613A-an analysis and critical review /
|c by Breeding, Burke, & Burton.
|
| 264 |
|
1 |
|a Englewood Cliffs, N. J. :
|b Prentice- Hall,
|c [1976]
|
| 264 |
|
4 |
|c ©1976
|
| 300 |
|
|
|a pages 2181-2200 ;
|c 23 cm.
|
| 336 |
|
|
|a text
|b txt
|2 rdacontent
|
| 337 |
|
|
|a unmediated
|b n
|2 rdamedia
|
| 338 |
|
|
|a volume
|b nc
|2 rdacarrier
|
| 500 |
|
|
|a Cover title.
|
| 504 |
|
|
|a Includes bibliographical references.
|
| 650 |
|
0 |
|a Natural resources
|x Taxation
|z United States.
|
| 650 |
|
0 |
|a Natural resources
|x Taxation
|z Canada.
|
| 700 |
1 |
|
|a Burke, Frank M.
|
| 700 |
1 |
|
|a Burton, Alfred Gordon.
|
| 999 |
|
|
|a MARS
|
| 999 |
f |
f |
|s 64b3daab-6618-3437-832f-b5d46fe16a86
|i cf91ec90-aeff-3a93-bfb5-e931623b12d4
|t 0
|
| 952 |
f |
f |
|p ric
|a Texas A&M University
|b Rellis Campus
|c Joint Library Facility
|d Remote Storage
|t 0
|e KF6482 .B5 1976 Suppl.
|h Library of Congress classification
|i unmediated -- volume
|m A14803192748
|
| 998 |
f |
f |
|a KF6482 .B5 1976 Suppl.
|t 0
|l Remote Storage
|